[Event "Challenge"]
[Site "http://www.queenalice.com/game.php?id=1816171"]
[Date "2023.7.12"]
[Round "-"]
[White "naugard47"]
[Black "Wolle"]
[Result "1-0"]
[WhiteElo "1747"]
[BlackElo "1638"]

1. e4 e5 2. Nc3 Nc6 3. Nf3 Nf6 4. a3 a6 5. Bc4 Ne7 6. h3 c6 7. O-O Ng6 8. Ng5 d5
9. exd5 cxd5 10. Be2 Be7 11. Nxf7 Kxf7 12. Re1 Re8 13. Bh5 Bd6 14. Bxg6+ Kxg6
15. d3 Kf7 16. b4 b5 17. Bg5 Qb6 18. Bxf6 Bc5 19. Bh4 Qh6 20. Qf3+ Qf4 21. Nxd5
Qxf3 22. gxf3 Bd6 23. Nb6 Rb8 24. Nd5 Ke6 25. Ne3 Rf8 26. Kg2 h5 27. c3 Bc7 28.
Nc2 Bb6 29. Bg3 Rf5 30. d4 Bb7 31. Rxe5+ Kf6 32. Rxf5+ Kxf5 33. Bxb8 1-0

[Event "Challenge"]
[Site "http://www.queenalice.com/game.php?id=1818150"]
[Date "2023.8.5"]
[Round "-"]
[White "Wolle"]
[Black "naugard47"]
[Result "1/2-1/2"]
[WhiteElo "1628"]
[BlackElo "1699"]

1. e4 e5 2. Nf3 Nc6 3. d4 exd4 4. Nxd4 Nxd4 5. Qxd4 c5 6. Qd1 Nf6 7. f3 h6 8.
Be3 Qb6 9. Nc3 d6 10. Qe2 Qxb2 11. Qb5+ Qxb5 12. Nxb5 Kd7 13. Bc4 a6 14. Nc3 b5
15. Bxf7 Ke7 16. Bg6 Kd7 17. O-O Kc7 18. a4 b4 19. Ne2 Bd7 20. c3 b3 21. f4 Rb8
22. e5 Ng4 23. Bd2 b2 24. Ra2 Be6 25. h3 Bxa2 26. hxg4 Bc4 27. Kf2 Be7 28. Rd1
Bh4+ 29. Ke3 Bb3 30. Rb1 Ba2 31. Rh1 b1=Q 32. Bxb1 Bxb1 33. Rxh4 Rbe8 34. c4
dxe5 35. Nc3 exf4+ 36. Kxf4 Rhf8+ 37. Kg3 Bd3 38. Nd5+ Kd6 39. Ne3 Re6 40. a5
Rg6 41. Kh3 Rf2 42. Bc3 Kc6 43. Kg3 Re2 44. Nd5 Bxc4 45. Nf4 Re3+ 46. Kf2 Rxc3
1/2-1/2

[Event "Challenge"]
[Site "http://www.queenalice.com/game.php?id=1820320"]
[Date "2023.9.5"]
[Round "-"]
[White "naugard47"]
[Black "Wolle"]
[Result "0-1"]
[WhiteElo "1729"]
[BlackElo "1631"]

1. e4 e5 2. a3 Nf6 3. Nc3 d5 4. d4 dxe4 5. d5 Bd6 6. h3 c6 7. Bg5 h6 8. Bh4 O-O
9. Bc4 Bf5 10. Qd2 Nbd7 11. O-O-O b5 12. Bb3 Qc8 13. Nge2 a5 14. g4 Bg6 15. g5
b4 16. a4 bxc3 17. Nxc3 Ne8 18. gxh6 Nef6 19. Bg5 Bb4 20. Qe3 Bh5 21. hxg7 Kxg7
22. Bh6+ Kh7 23. Ne2 Rg8 24. d6 Qb8 25. Rhg1 Rxg1 26. Rxg1 Ng8 27. Bg5 f6 28.
Bh4 f5 29. Ng3 f4 30. Qxe4+ Bg6 31. Nf5 Nc5 32. Qxe5 Nxb3+ 33. Kd1 Qf8 34. Nd4
Bxd6 0-1

[Event "Challenge"]
[Site "http://www.queenalice.com/game.php?id=1822362"]
[Date "2023.10.4"]
[Round "-"]
[White "Wolle"]
[Black "naugard47"]
[Result "0-1"]
[WhiteElo "1651"]
[BlackElo "1715"]

1. e4 e5 2. Nf3 Nc6 3. c3 a6 4. d4 exd4 5. cxd4 d6 6. Bg5 f6 7. Bf4 Be7 8. Bc4
Bg4 9. h3 Bh5 10. Qd2 Bxf3 11. gxf3 Qd7 12. Nc3 Nb4 13. a3 Nc6 14. O-O-O O-O-O
15. Rhg1 g5 16. Be3 Qxh3 17. d5 Ne5 18. Be2 Nxf3 19. Bxf3 Qxf3 20. Rg3 Qh5 21.
Qe2 Qg6 22. Qc2 Qf7 23. f3 h5 24. f4 g4 25. Qd2 f5 26. e5 Bf8 27. Qd4 b6 28. Qa4
Kb7 29. e6 Qg6 30. Qc6+ Kb8 31. Bxb6 cxb6 32. Nb5 Rc8 33. Rc3 Rxc6 34. dxc6 Qe8
35. c7+ Kb7 36. Nxd6+ Bxd6 37. Rxd6 Ne7 38. Rd8 Qxd8 39. cxd8=N+ Rxd8 40. b4 Rc8
41. Rxc8 Kxc8 42. Kd2 Nd5 43. Ke2 Nxf4+ 0-1